| 000 | 00623nam a22001577a 4500 | ||
|---|---|---|---|
| 999 |
_c372174 _d372174 |
||
| 005 | 20230125143907.0 | ||
| 008 | 230125b ||||| |||| 00| 0 eng d | ||
| 040 |
_aDE-2950 _cDE-2950 |
||
| 041 | _ager | ||
| 245 |
_aZeitschrift für Agrargeschichte und Agrarsoziologie : _bin Verb. mit d. Gesellschaft für Agrargeschichte und der Deutschen Landwirtschaftsgesellschaft hrsg. |
||
| 260 |
_aFrankfurt, M.: _bDLG-Verl. _c1990- |
||
| 310 | _ahalbjährlich | ||
| 500 | _aunvollständig; ab Jahrgang 38 (1990) Heft 1, Mai 1990 - | ||
| 500 | _aFolgende Bände fehlen: Jg. 41,1; Jg. 44,1; Jg. 46, 1+2, Jg. 56,2 | ||
| 942 |
_2z _cZS |
||